000 00671nam a22002177a 4500
003 0
005 20251015152320.0
008 251015b xxu||||| |||| 00| 0 eng d
020 _a978-1-119-84454-9
050 _aQA 276.4
_b.S38 2022
100 _aSchmuller, Joseph,
_eauthor.
245 _aStatistical analysis with excel /
_cJoseph Schmuller.
250 _aFifth edition.
260 _aHoboken, NJ :
_bJohn Wiley & Sons, Inc.,
_c2022.
300 _axii, 562 pages :
_billustrations ;
_c24 cm.
504 _aIncludes index.
650 _aStatistical methods.
650 _aMicrosoft Excel (Computer program).
650 _aStatistical software.
942 _2lcc
_cBK
999 _c368252
_d368252